Vybraná ustanovení novely zákona o daních z příjmů č. 438/2003 Sb.

Pokračovanie z č. 4/2004. Ďalšie paragrafy novely zákona č. 438/2003 Sb. o daniach z príjmov. Výdavky (náklady) vynaložené na dosiahnutie, zaistenie a udržanie príjmov. Nedaňové výdavky.

Gespeichert in:
Bibliographische Detailangaben
1. Verfasser: Sedláková, Eva
Format: Buchkapitel
Sprache:Tschechisch
Schlagworte:
Tags: Tag hinzufügen
Keine Tags, Fügen Sie das erste Tag hinzu!

MARC

LEADER 00000naa$a2200000$$$4500
001 0010748
005 20230913112040.1
041 0 |a cze 
044 |a CZ 
245 1 0 |a Vybraná ustanovení novely zákona o daních z příjmů č. 438/2003 Sb.  |c aut. Eva Sedláková 
520 |a Pokračovanie z č. 4/2004. Ďalšie paragrafy novely zákona č. 438/2003 Sb. o daniach z príjmov. Výdavky (náklady) vynaložené na dosiahnutie, zaistenie a udržanie príjmov. Nedaňové výdavky. 
610 2 0 |a zákony 
610 2 0 |a dane z príjmov 
610 2 0 |a Česko 
610 2 0 |a novelizácia 
610 2 0 |a 2003 
100 1 |a Sedláková, Eva